| 000 | 00908cab a2200277 4500 | ||
|---|---|---|---|
| 001 | ABS56840 | ||
| 008 | 090401t1997 xxu||||| |||| 00| 0 eng d | ||
| 035 | _a(Sirsi) u98328 | ||
| 041 | _aeng | ||
| 100 | _aMurdoch, A. | ||
| 245 | _aWho pays wins | ||
| 260 | _c1997 | ||
| 350 | _a0 | ||
| 490 |
_aManagement Today _vApril 1997, 60-68(5) |
||
| 520 | _aLooks at the role incentives play in determining an investor`s choice of location and considers the long-term implications of relying solely on such packages as a method of selecting a location. Uses the Scottish and Welsh development bodies as an example. | ||
| 650 | _aDEVELOPMENT BODIES | ||
| 650 | _aENTERPRISE ZONES | ||
| 650 | _aINCENTIVES | ||
| 650 | _aINVESTORS | ||
| 650 | _aLOCATION FACTORS | ||
| 650 | _aSCOTLAND | ||
| 650 | _aWALES | ||
| 690 | _aPROPERTY-PROPERTY FINANCE AND INVESTMENT | ||
| 942 | _n0 | ||
| 948 | _c22/04/1997 | ||
| 999 |
_c59750 _d59750 |
||